| 000 | 00560nam a22002057a 4500 | ||
|---|---|---|---|
| 999 |
_c4712 _d4712 |
||
| 003 | TZ-ArACH | ||
| 005 | 20180511151140.0 | ||
| 020 | _a9788530973346 | ||
| 040 | _cTZ-ArACH | ||
| 050 |
_aKHD409 _b.T37 |
||
| 100 | _aTartuce, Flávio | ||
| 245 | _aManual de Direito Civil - Volume Único | ||
| 250 | _a7ª edição | ||
| 260 |
_aRio de Janeiro _aSao Paolo _bForense _bEditora Método _c2017 |
||
| 300 |
_axxviii, 1795 p. _b25 cm |
||
| 504 | _aill, includes bibliography | ||
| 650 |
_aDireito civil _zBresil |
||
| 650 |
_aCivil law _zBrazil |
||
| 942 |
_2lcc _cBOOK |
||